Marketing v neziskových organizáciách bakalárska práca

Enregistré dans:
Détails bibliographiques
Auteur principal: Páleš, Martin
Collectivité auteur: Fakulta podnikového manažmentu EU. Katedra podnikovohospodárska
Autres auteurs: Bukovová, Sylvia, 1959-
Format: Livre
Langue:slovaque
Publié: Bratislava 2011
Tags: Ajouter un tag
Pas de tags, Soyez le premier à ajouter un tag!

MARC

LEADER 00000nbm a2200000 4500
001 0139998
005 20161109111658.5
041 0 |a slo 
044 |a SK 
245 1 0 |a Marketing v neziskových organizáciách  |b bakalárska práca  |c Martin Páleš ; školiteľ: Sylvia Bukovová 
264 1 |a Bratislava  |c 2011 
300 |a 47 s. 
100 1 |a Páleš, Martin 
700 1 |a Bukovová, Sylvia, 1959- 
710 2 |a Fakulta podnikového manažmentu EU. Katedra podnikovohospodárska